<?xml version="1.0" encoding="UTF-8"?>
<collection xmlns="http://www.loc.gov/MARC21/slim">
  <record>
    <leader>00000nam  2200000   4500</leader>
    <controlfield tag="001">INLIS000000000006035</controlfield>
    <controlfield tag="005">20191031020455</controlfield>
    <datafield tag="035" ind1="#" ind2="#">
      <subfield code="a">0010-1019000154</subfield>
    </datafield>
    <controlfield tag="007">ta</controlfield>
    <controlfield tag="008">191031################g##########0#ind##</controlfield>
    <datafield tag="020" ind1="#" ind2="#">
      <subfield code="a">9789799691196</subfield>
    </datafield>
    <datafield tag="082" ind1="#" ind2="#">
      <subfield code="a">301</subfield>
    </datafield>
    <datafield tag="084" ind1="#" ind2="#">
      <subfield code="a">301 Agu J</subfield>
    </datafield>
    <datafield tag="100" ind1=" " ind2="#">
      <subfield code="a">Agusyanto, Ruddy</subfield>
    </datafield>
    <datafield tag="245" ind1="1" ind2="#">
      <subfield code="a">Jaringan Sosial dalam Organisasi /</subfield>
      <subfield code="c">Ruddy Agusyanto</subfield>
    </datafield>
    <datafield tag="250" ind1="#" ind2="#">
      <subfield code="a">ed.1</subfield>
    </datafield>
    <datafield tag="260" ind1="#" ind2="#">
      <subfield code="a">Jakarta :</subfield>
      <subfield code="b">PT. RajaGrafindo Persada,</subfield>
      <subfield code="c">2007</subfield>
    </datafield>
    <datafield tag="300" ind1="#" ind2="#">
      <subfield code="a">xviii, 265 hal. :</subfield>
      <subfield code="b">ilus ;</subfield>
      <subfield code="c">21 cm</subfield>
    </datafield>
    <datafield tag="650" ind1="#" ind2="#">
      <subfield code="a">Antropologi</subfield>
    </datafield>
    <datafield tag="502" ind1="#" ind2="#">
      <subfield code="a">Pendekatan jaringan sosial merupakan salah satu alternatif untuk memecahkan kesukaran dalam metode etnografi klasik. Dengan memusatkan hubungan antarmanusia dan konteks sosial tertentu para antropolog dapat menarik inferensi tentang kebudayaan secara kontekstual, meskipun orang-orang yang terlibat dalam jaringan tersebut berbeda latar etnik, agama, orientasi politik, dan tempat bermukim. Dengan pendekatan ini , para antropolog memperoleh peluang untuk menyelidiki tema-tema kontemorer seperti problem sosial, demokratisasi, kenakalan remaja, jaringan narkotika dan lain-lain yang sesungguhnya adalah masalah yang mendesak pada masyarakat yang sedang mengalami transformasi besar-besaran tentu hal ini semakin relevan bagi kita di Indonesia, terutama di masa yang akan datang.</subfield>
    </datafield>
    <datafield tag="856" ind1="#" ind2="#">
      <subfield code="a">Perpustakaan Lembaga Administrasi Negara</subfield>
    </datafield>
    <datafield tag="990" ind1="#" ind2="#">
      <subfield code="a">090212251</subfield>
    </datafield>
    <datafield tag="990" ind1="#" ind2="#">
      <subfield code="a">090212252</subfield>
    </datafield>
    <datafield tag="990" ind1="#" ind2="#">
      <subfield code="a">090212250</subfield>
    </datafield>
  </record>
</collection>
